000 00294nam a22001217a 4500
008 260317b ||||| |||| 00| 0 eng d
041 _aeng
080 _a2.1
100 _a35
101 _ateologji
245 _aThe Shkup - Prizeren Diocese Through Centuries
_cGjini Gasper
942 _2udc
_cBK
999 _c60907
_d60907